000 00472nam a22001812 4500
001 0000002803
005 20170406114520.0
008 140407s xx 000 0 eng d
020 _c$
040 _aYour Holding Symbol
_cYour Holding Symbol
100 1 _aSheen,Fulton J.
245 1 0 _aThree to get married.
250 _a ed.
260 _alondon :
_bBlandford press,
_c1953.
300 _a293 p. ;
_c cm.
650 0 _amarriage.
908 _a140407
999 _c2688
_d2688